MAASAI MARA UNIVERSITY

LIBRARY CATALOGUE

Contact Us: +254 020 2685356/7 or 0774 057787

Box: 861-20500, NAROK, KENYA

Email: info@mmarau.ac.ke

Foundations of philosophy : (Record no. 31498)

MARC details
000 -LEADER
fixed length control field 00821nam a22002537a 4500
001 - CONTROL NUMBER
control field 14183553
003 - CONTROL NUMBER IDENTIFIER
control field OSt
005 - DATE AND TIME OF LATEST TRANSACTION
control field 20190321112316.0
008 - FIXED-LENGTH DATA ELEMENTS--GENERAL INFORMATION
fixed length control field 190321b ||||| |||| 00| 0 eng d
040 ## - CATALOGING SOURCE
Original cataloging agency MMU
Transcribing agency MMU
Modifying agency MMU
Language of cataloging eng
050 00 - LIBRARY OF CONGRESS CALL NUMBER
Classification number B995.L654
Item number C76 2001
082 00 - DEWEY DECIMAL CLASSIFICATION NUMBER
Classification number 121.092
Edition number 22
100 1# - MAIN ENTRY--PERSONAL NAME
Personal name Cronin, Brian,
Dates associated with a name 1947-
245 10 - TITLE STATEMENT
Title Foundations of philosophy :
Remainder of title Lonergan's cognitional theory and epistemology /
Statement of responsibility, etc. Brian Cronin.
250 ## - EDITION STATEMENT
Edition statement 2nd ed.
260 ## - PUBLICATION, DISTRIBUTION, ETC. (IMPRINT)
Place of publication, distribution, etc. Nairobi :
Name of publisher, distributor, etc. Consolata Institute of Philosophy Press,
Date of publication, distribution, etc. 2001.
300 ## - PHYSICAL DESCRIPTION
Extent viii, 360 p.;
Dimensions 21 cm.
490 0# - SERIES STATEMENT
Series statement Guide to philosophy series ;
Volume/sequential designation no. 10
500 ## - GENERAL NOTE
General note "Revised edition".
504 ## - BIBLIOGRAPHY, ETC. NOTE
Bibliography, etc Includes bibliographical references (p. 357-360).
600 10 - SUBJECT ADDED ENTRY--PERSONAL NAME
Personal name Lonergan, Bernard J. F.
650 #0 - SUBJECT ADDED ENTRY--TOPICAL TERM
Topical term or geographic name as entry element Knowledge, Theory of.
942 ## - ADDED ENTRY ELEMENTS (KOHA)
Source of classification or shelving scheme Library of Congress Classification
Koha item type L

No items available.

© 2016 Maasai Mara University.